[Event "La Palma Island op"]
[Site "Santa Cruz de La Palma"]
[Date "2024.08.02"]
[Round "1"]
[White "Quevedo Olivares, Carlos Tomas"]
[Black "Dubkov, Andrej"]
[Result "0-1"]
[WhiteElo "1755"]
[BlackElo "2320"]
[PlyCount "56"]
[EventDate "2024.08.02"]
[EventType "swiss"]
[EventRounds "10"]
[EventCountry "ESP"]
[SourceTitle "CBM 221 Extra"]
[Source "ChessBase"]
[SourceDate "2024.09.30"]
[SourceVersion "1"]
[SourceVersionDate "2024.09.30"]
[SourceQuality "1"]

1. e4 c5 2. c3 g6 3. d4 cxd4 4. cxd4 d5 5. e5 a6 6. Bd3 Nc6 7. Nf3 Bg7 8. 0-0 Bg4 9. Be2 e6 10. Nbd2 Nge7 11. h3 Bxf3 12. Nxf3 Qb6 13. Be3 Nf5 14. Qd2 0-0 15. Rac1 f6 16. Rc3 Nxe3 17. Rxe3 Bh6 18. Rb3 Qxb3 19. Qxh6 Qb4 20. exf6 Rxf6 21. Ng5 Qe7 22. Qh4 Rf5 23. f4 Raf8 24. Bg4 R5f6 25. Qe1 Nxd4 26. Qe5 Nc6 27. Bxe6+ Kg7 28. Qc3 d4 0-1

[Event "Vecindario Montalvo Memorial 15th"]
[Site "Vecindario"]
[Date "2023.04.05"]
[Round "5"]
[White "Reyes Lopez, Angel"]
[Black "Quevedo Olivares, Carlos Tomas"]
[Result "1-0"]
[WhiteElo "1941"]
[BlackElo "1549"]
[PlyCount "57"]
[EventDate "2023.04.02"]
[EventType "swiss"]
[EventRounds "9"]
[EventCountry "ESP"]
[SourceTitle "CBM 213 Extra"]
[Source "ChessBase"]
[SourceDate "2023.05.31"]
[SourceVersion "1"]
[SourceVersionDate "2023.05.31"]
[SourceQuality "1"]

1. e4 g6 2. d4 Bg7 3. f4 d6 4. Nf3 a6 5. a4 Nf6 6. Bd3 Nbd7 7. Nc3 h6 8. e5 dxe5 9. fxe5 Nh7 10. e6 Ndf6 11. exf7+ Kxf7 12. Ne5+ Ke8 13. Bxg6+ Kf8 14. Nf7 Qd7 15. Nxh8 Bxh8 16. Bxh6+ Kg8 17. Qd3 Qe6+ 18. Ne2 Bd7 19. d5 Qd6 20. 0-0 Bg7 21. Bxh7+ Nxh7 22. Bxg7 Kxg7 23. Rf7+ Kxf7 24. Qxh7+ Kf6 25. Rf1+ Ke5 26. Qh5+ Ke4 27. Rf4+ Ke3 28. Qf3+ Kd2 29. Qd3+ 1-0

[Event "Vecindario Montalvo Memorial 15th"]
[Site "Vecindario"]
[Date "2023.04.02"]
[Round "1"]
[White "Amador Garcia, Ismael"]
[Black "Quevedo Olivares, Carlos Tomas"]
[Result "1-0"]
[WhiteElo "2282"]
[BlackElo "1549"]
[PlyCount "39"]
[EventDate "2023.04.02"]
[EventType "swiss"]
[EventRounds "9"]
[EventCountry "ESP"]
[SourceTitle "CBM 213 Extra"]
[Source "ChessBase"]
[SourceDate "2023.05.31"]
[SourceVersion "1"]
[SourceVersionDate "2023.05.31"]
[SourceQuality "1"]

1. e4 g6 2. d4 Bg7 3. Nc3 d6 4. Be3 a6 5. h4 Nf6 6. f3 b5 7. Qd2 Nbd7 8. Bh6 Bxh6 9. Qxh6 b4 10. Nce2 c5 11. 0-0-0 Qa5 12. Kb1 c4 13. Nf4 Nb6 14. h5 g5 15. e5 dxe5 16. Qxg5 Nfd7 17. Qg7 Rf8 18. dxe5 Nxe5 19. h6 b3 20. Qxe5 1-0

[Event "Vecindario Montalvo Memorial 15th"]
[Site "Vecindario"]
[Date "2023.04.02"]
[Round "2"]
[White "Quevedo Olivares, Carlos Tomas"]
[Black "Mayor Viera, Aaron"]
[Result "1-0"]
[WhiteElo "1549"]
[BlackElo "1261"]
[PlyCount "48"]
[EventDate "2023.04.02"]
[EventType "swiss"]
[EventRounds "9"]
[EventCountry "ESP"]
[SourceTitle "CBM 213 Extra"]
[Source "ChessBase"]
[SourceDate "2023.05.31"]
[SourceVersion "1"]
[SourceVersionDate "2023.05.31"]
[SourceQuality "1"]

1. e4 e5 2. Nf3 Nc6 3. Bc4 Nf6 4. Ng5 d5 5. exd5 Na5 6. Bb5+ c6 7. dxc6 bxc6 8. Qf3 Bb7 9. Ba4 Bc5 10. a3 Bb6 11. b4 0-0 12. bxa5 Qd4 13. Nc3 Bxa5 14. Bxc6 e4 15. Bxe4 Rfe8 16. 0-0 Bxe4 17. Ngxe4 Nxe4 18. Rb1 Nxd2 19. Bxd2 Qxd2 20. Ne4 Qxc2 21. Nd6 Re7 22. Qxa8+ Re8 23. Rb7 Rf8 24. Rbb1 Re8 1-0